Interculturalidad, formación del profesorado y educación / (Record no. 145583)

MARC details
000 -CABECERA
campo de control de longitud fija 00870nam a2200217 u 4500
005 - FECHA Y HORA DE LA ÚLTIMA TRANSACCIÓN
campo de control 20240924063857.0
008 - ELEMENTOS DE LONGITUD FIJA--INFORMACIÓN GENERAL
campo de control de longitud fija 091027s2005 es r 000 0 spa d
020 ## - NÚMERO INTERNACIONAL NORMALIZADO PARA LIBROS
Número Internacional Estándar del Libro 8420544272
035 ## - NÚMERO DE CONTROL DEL SISTEMA
Número de control de sistema UPN01000173479
049 ## - COLECCIÓN
Colección CG
050 #4 - SIGNATURA TOPOGRÁFICA DE LA BIBLIOTECA DEL CONGRESO
Número de clasificación LC1099
Número de documento/Ítem I5.9
245 00 - MENCIÓN DE TÍTULO
Título Interculturalidad, formación del profesorado y educación /
Mención de responsabilidad, etc. coord. Antonio Medina Rivilla.
260 ## - PUBLICACIÓN, DISTRIBUCIÓN, ETC.
Lugar de publicación, distribución, etc. Madrid :
Nombre del editor, distribuidor, etc. Pearson Educación,
Fecha de publicación, distribución, etc. 2005.
300 ## - DESCRIPCIÓN FÍSICA
Extensión 109 p. +
Otras características físicas 1 CD-ROM 4 3/4 plg.
500 ## - NOTA GENERAL
Nota general El CD-ROM incluye "casi 100 ponencias presentadas al Congreso Internacional sobre interculturalidad, Formación y Profesorado, celebrado en la UNED en el año 2004"
500 ## - NOTA GENERAL
Nota general Solicita el CD-ROM en el Mostrador de Préstamo
650 #4 - ASIENTO SECUNDARIO DE MATERIA - TERMINO TEMATICO
Término de materia o nombre geográfico como elemento de entrada Educación multicultural
9 (RLIN) 1565
650 #4 - ASIENTO SECUNDARIO DE MATERIA - TERMINO TEMATICO
Término de materia o nombre geográfico como elemento de entrada Educación intercultural
9 (RLIN) 4812
700 1# - ASIENTO SECUNDARIO--NOMBRE DE PERSONAL
Nombre de persona Medina Rivilla, Antonio,
Término indicativo de función/relación coord.
9 (RLIN) 29279
905 ## - TIPO DE MATERIAL
Tipo de material Libro
Holdings
Estado de retiro Estado de pérdida Fuente del sistema de clasificación o colocación Estado dañado No para préstamo Código de colección Localización permanente Ubicación/localización actual Ubicación en estantería Total de préstamos Clasificación Código de barras Fecha visto por última vez Número de copia Tipo de ítem Koha Fecha de adquisición Precio válido a partir de Nota pública
    Library of Congress Classification     Colección General Bib. Gregorio Torres Quintero Bib. Gregorio Torres Quintero Planta baja 4 LC1099 I5.9 267491 31/12/2020 1 Libro      
    Library of Congress Classification     Colección General Bib. Gregorio Torres Quintero Bib. Gregorio Torres Quintero Planta baja 7 LC1099 I5.9 267490 31/12/2020 1 Libro      
    Library of Congress Classification     Materiales complementarios y otros recursos electrónicos  Bib. Gregorio Torres Quintero Bib. Gregorio Torres Quintero Mostrador de préstamo Planta baja   LC1099 I5.9 339447 15/08/2024 Ej.2 Disco Compacto 15/08/2024 15/08/2024 Solicítalo en el mostrador de préstamo